Kinetics and mechanism of photoinduced charge separations in the presence of surfactants.

Bibliographic Details
Main Author: Tunuli, Mohammad Shuaib
Format: Thesis Book
Language:English
Published: 1981.
Subjects:
Online Access:Link to ProQuest Copy
Link to OAKTrust copy

MARC

Tag First Indicator Second Indicator Subfields
LEADER 00000ctm a2200000Ia 4500
001 in00000088794
005 20220104090701.0
008 821008s1981 xx a bm 000 0 eng d
035 |9 AAK1878AM 
035 |a (OCoLC)08844436 
035 |a (OCoLC)8844436 
035 |a (OCoLC)ocm08844436 
040 |a TXA  |b eng  |c TXA  |d OCLCQ  |d OCLCF  |d OCLCO  |d OCLCQ  |d TXA 
049 |a TXAM 
099 |a 1981  |a Disser-  |a tation  |a T927 
100 1 |a Tunuli, Mohammad Shuaib. 
245 1 0 |a Kinetics and mechanism of photoinduced charge separations in the presence of surfactants. 
264 1 |c 1981. 
300 |a xvii, 116 leaves :  |b illustrations ;  |c 29 cm 
336 |a text  |b txt  |2 rdacontent 
337 |a unmediated  |b n  |2 rdamedia 
338 |a volume  |b nc  |2 rdacarrier 
500 |a "Major subject: Chemistry." 
500 |a Typescript (photocopy). 
500 |a Vita. 
502 |b Ph. D. in Philosophy  |c Texas A & M University  |d 1981 
504 |a Includes bibliographical references (leaves 110-115). 
520 3 |a Photoinduced electron transfer from a sensitizer to an electron acceptor has been investigated in water and in the presence of either negatively charged dihexadecyl phosphate, DHP, or positively charged dioctadecyldimethylammonium chloride, DODAC, surfactant vesicles by steady-state photolysis, fluorescence quenching, and nanosecond laser flash photolysis. Four different substrate-surfactant vesicle organizations have been used. In System I, Ru(byp)(,3)('2+) was attached to the outer and MV('2+) was placed onto the inner surfaces of DHP vesicles. In System II, MV('2+) was attached to the outer and Ru(byp)(,3)('2+) to the inner surfaces of DHP vesicles. In System III, Ru(byp)(,3)('2+) and MV('2+) were localized on the outer surfaces of DHP vesicles. In System IV, both Ru(byp)(,3)('2+) and MV('2+) were localized on the inner surfaces of DHP vesicles. Extremely efficient electron transfers have been observed on the surfaces of surfactant vesicles in Systems III and IV. Electron transfer from excited Ru(byp)(,3)('2+) to MV('2+) across bilayers of vesicles in the presence of externally added EDTA in System I resulted in the formation of reduced methylviologen, MV('+) with a quantum efficiency of 2.4 x 10('-2). Inclusion of PtO(,2) in vesicles interiors in System I lead to hydrogen evolution. Various mechanisms underlying photochemical reactions have been proposed using experimental rate parameters, calculated energetics, and detailed balancing procedures. 
650 0 |a Charge transfer. 
650 0 |a Photochemistry. 
650 0 |a Surface active agents. 
650 4 |a Chemistry 
655 7 |a Academic theses  |2 lcgft 
710 2 |a Texas A & M University,  |e degree granting institution. 
856 4 1 |u http://proxy.library.tamu.edu/login?url=http://proquest.umi.com/pqdweb?did=749780201&sid=1&Fmt=2&clientId=2945&RQT=309&VName=PQD  |z Link to ProQuest Copy  |t 0 
856 4 1 |u https://hdl.handle.net/1969.1/DISSERTATIONS-95439  |z Link to OAKTrust copy  |t 0 
994 |a C0  |b TXA 
999 f f |s 7ea1c998-1ecb-39cd-8384-d3f9dd179eca  |i ceaa4ba6-4a5c-367a-ae73-afc8ae906154  |t 0 
952 f f |p noncirc  |a Texas A&M University  |b J.J. Pickle Campus  |c High Density Repository  |s HDR  |d Remote Storage  |t 0  |e 1981 Dissertation T927  |h Other scheme  |i unmediated -- volume  |m A14841003941 
952 f f |a Texas A&M University  |b College Station  |c Electronic Resources  |s www_evans  |d Available Online  |t 0  |e 1981 Dissertation T927  |h Other scheme 
998 f f |a 1981 Dissertation T927  |t 0  |l Remote Storage 
998 f f |a 1981 Dissertation T927  |t 0  |l Available Online